Sin escenario: Pep Duran (Record no. 601)

MARC details
000 -LEADER
campo de control de longitud fija 00546nam a22001457a 4500
008 - DATOS DE LONGITUD FIJA--INFORMACIÓN GENERAL
campo de control de longitud fija 150515b xxu||||| |||| 00| 0 eng d
020 ## - NÚMERO INTERNACIONAL ESTÁNDAR DEL LIBRO
Número Internacional Estándar del Libro 9788496933354
082 ## - NÚMERO DE LA CLASIFICACIÓN DECIMAL DEWEY
Número de clasificación 707.4
Número de ítem D 948s
100 ## - ENTRADA PRINCIPAL--NOMBRE DE PERSONA
Nombre de persona Duran, Pep; Clot, Manel (curador)
9 (RLIN) 2691
245 ## - MENCIÓN DEL TÍTULO
Título Sin escenario: Pep Duran
Mención de responsabilidad, etc. Duran, Pep
260 ## - PUBLICACIÓN, DISTRIBUCIÓN, ETC.
Lugar de publicación, distribución, etc. Madrid
Nombre del editor, distribuidor, etc. Sociedad Estatal para la Acción Cultural Exterior
Fecha de publicación, distribución, etc. 2009
300 ## - DESCRIPCIÓN FÍSICA
Extensión 222 p.
Otras características físicas ill.
Dimensiones 23 cm.
650 ## - PUNTO DE ACCESO ADICIONAL DE MATERIA--TÉRMINO DE MATERIA
Subdivisión general Arte moderno
-- Exhibiciones itinerantes
-- Duran, Pep
Subdivisión geográfica Costa Rica/ El Salvador
9 (RLIN) 2692
700 ## - ENTRADA AGREGADA--NOMBRE PERSONAL
Nombre de persona Pep Duran; Manel Clot (curador)
9 (RLIN) 2693
Holdings
Estatus retirado Estado de pérdida Fuente del sistema de clasificación o colocación Estado de daño No para préstamo Biblioteca de origen Biblioteca actual Ubicación en estantería Fecha de adquisición Total de préstamos Signatura topográfica completa Código de barras Visto por última vez Fecha del último préstamo Precio de reemplazo Tipo de ítem Koha
    Clasificación Decimal Dewey     Biblioteca LadoV Biblioteca LadoV   15/05/2015 1 707.4 D 948s 000742 12/09/2018 18/07/2018 15/05/2015 Material 01